[Event "4NCL Division 1 & 2"]
[Site "Daventry, ENG"]
[Date "2022.06.25"]
[Round "10.41"]
[White "Rendle, Thomas E"]
[Black "Willow, Jonah B"]
[Result "1-0"]
[WhiteElo "2379"]
[BlackElo "2393"]
[PlyCount "81"]
[EventDate "2022.06.25"]
[WhiteTeam "The Sharks 1"]
[BlackTeam "Wood Green Youth"]

1. d4 Nf6 2. c4 e6 3. g3 c5 4. d5 exd5 5. cxd5 d6 6. Nc3 g6 7. Bg2 Bg7 8. Nf3
O-O 9. O-O a6 10. a4 Nbd7 11. Bf4 Qc7 12. e4 Ng4 13. Nd2 Nge5 14. Be3 Nd3 15.
f4 c4 16. e5 dxe5 17. d6 Qd8 18. f5 N7c5 19. Nxc4 Bxf5 20. b4 e4 21. Nd5 Nxa4
22. Rxa4 b5 23. g4 Be6 24. Bxe4 bxc4 25. Bxd3 Bxd5 26. Ra5 Qe8 27. Bf2 Qc6 28.
Rc5 Qb7 29. Bxc4 Bf3 30. Qb3 Rab8 31. h3 Bh1 32. Qg3 Be4 33. Re1 Kh8 34. Rc7
Qa8 35. Bc5 Bd5 36. Bd3 Rfe8 37. Rxe8+ Rxe8 38. d7 Rg8 39. Qd6 Bh1 40. Bf1 Rd8
41. Rc8 1-0

[Event "4NCL Division 1 & 2"]
[Site "Daventry, ENG"]
[Date "2022.06.25"]
[Round "10.42"]
[White "Derakhshani, Borna"]
[Black "Moreby, James"]
[Result "1/2-1/2"]
[WhiteElo "2384"]
[BlackElo "2406"]
[PlyCount "130"]
[EventDate "2022.06.25"]
[WhiteTeam "Wood Green Youth"]
[BlackTeam "The Sharks 1"]

1. Nf3 Nf6 2. b3 b6 3. Bb2 Bb7 4. c4 c5 5. g3 g6 6. Bg2 Bg7 7. O-O O-O 8. Nc3
Nc6 9. d4 Nxd4 10. Nxd4 Bxg2 11. Kxg2 cxd4 12. Qxd4 Ne8 13. Qd2 Nc7 14. Rad1 d6
15. h4 h5 16. Ne4 Qd7 17. Bxg7 Kxg7 18. Qc3+ f6 19. Qf3 Qc6 20. Rd3 Ne6 21. Kg1
f5 22. Nc3 Qxf3 23. exf3 Nc7 24. Re1 Kf7 25. f4 Rad8 26. a4 Rfe8 27. Kf1 e6 28.
Red1 Ke7 29. Ne2 e5 30. Kg2 Ne6 31. Re3 e4 32. Nc3 Rd7 33. f3 exf3+ 34. Kxf3
Kf7 35. Nd5 Ng7 36. Rxe8 Nxe8 37. Ke3 Ng7 38. Kd3 Ne6 39. b4 Nc7 40. Kd4 Ne6+
41. Kc3 Rb7 42. Kb3 Rd7 43. Rd2 Rb7 44. Nc3 Ke7 45. Nb5 Rd7 46. Rd1 Nd8 47. Nd4
Rb7 48. Kc3 Rc7 49. Kb3 Rb7 50. Re1+ Kf7 51. Kc3 Re7 52. Rd1 Re3+ 53. Rd3 Rxd3+
54. Kxd3 Ke7 55. b5 Kd7 56. Kc3 Ne6 57. Nxe6 Kxe6 58. Kb4 Ke7 59. a5 Kd8 60. a6
Kc7 61. Kc3 Kd8 62. Kd2 Ke7 63. Ke3 Kd8 64. Ke2 Ke7 65. Kd3 Kd8 1/2-1/2

[Event "4NCL Division 1 & 2"]
[Site "Daventry, ENG"]
[Date "2022.06.25"]
[Round "10.43"]
[White "Roberson, Peter T"]
[Black "Toma, Katarzyna"]
[Result "1-0"]
[WhiteElo "2426"]
[BlackElo "2440"]
[PlyCount "95"]
[EventDate "2022.06.25"]
[WhiteTeam "The Sharks 1"]
[BlackTeam "Wood Green Youth"]

1. e4 c5 2. Nf3 d6 3. d4 cxd4 4. Nxd4 Nf6 5. Nc3 a6 6. Bc4 e6 7. Be3 b5 8. Bb3
Bb7 9. Qe2 Nbd7 10. f3 Nc5 11. O-O-O Qa5 12. a3 Be7 13. g4 Nfd7 14. g5 b4 15.
axb4 Qxb4 16. h4 Nxb3+ 17. Nxb3 Nc5 18. Nxc5 dxc5 19. h5 Bc6 20. Nb1 Rb8 21. c3
Qb3 22. g6 hxg6 23. hxg6 Rxh1 24. Rxh1 fxg6 25. Na3 Kf7 26. Nc4 Qa2 27. Ne5+
Kg8 28. Qc2 Ba4 29. Qb1 Qb3 30. Nxg6 Bf6 31. e5 Rd8 32. Bd2 Qd5 33. Rh8+ Kf7
34. Rxd8 Bxd8 35. Nf4 Qxe5 36. Qg6+ Ke7 37. Nd3 Qe2 38. b3 Bxb3 39. Qxg7+ Kd6
40. Qf8+ Kd7 41. Nxc5+ Kc6 42. Nxb3 Bb6 43. Qa8+ Kd6 44. Qb8+ Kc6 45. Qf4 Kd7
46. Kc2 a5 47. Qe4 Qb5 48. Qd3+ 1-0

[Event "4NCL Division 1 & 2"]
[Site "Daventry, ENG"]
[Date "2022.06.25"]
[Round "10.44"]
[White "O'Donnell, Conor"]
[Black "Dong, Bao Nghia"]
[Result "0-1"]
[WhiteElo "2287"]
[BlackElo "2341"]
[PlyCount "66"]
[EventDate "2022.06.25"]
[WhiteTeam "Wood Green Youth"]
[BlackTeam "The Sharks 1"]

1. e4 e6 2. d4 d5 3. Nd2 c5 4. Ngf3 cxd4 5. exd5 Qxd5 6. Bc4 Qd6 7. O-O Nf6 8.
Nb3 Nc6 9. Nbxd4 Nxd4 10. Nxd4 Be7 11. c3 O-O 12. Re1 Qc7 13. Bf1 b6 14. a4 Bb7
15. Nb5 Qc6 16. Bf4 Rfd8 17. Qb3 Qc5 18. a5 Qf5 19. Bg3 Bc5 20. Re5 Bxf2+ 21.
Kh1 Qg4 22. Bxf2 Rd2 23. h3 Qxh3+ 24. Kg1 Qg4 25. Ra4 Be4 26. axb6 Qf4 27.
Rexe4 Qxf2+ 28. Kh2 Qxf1 29. Rg4 Nxg4+ 30. Rxg4 axb6 31. c4 Ra1 32. Rxg7+ Kxg7
33. Qc3+ Qf6 0-1

[Event "4NCL Division 1 & 2"]
[Site "Daventry, ENG"]
[Date "2022.06.25"]
[Round "10.45"]
[White "Batchelor, Peter J"]
[Black "Haydon, David L"]
[Result "1-0"]
[WhiteElo "2368"]
[BlackElo "2275"]
[PlyCount "91"]
[EventDate "2022.06.25"]
[WhiteTeam "The Sharks 1"]
[BlackTeam "Wood Green Youth"]

1. d4 Nf6 2. c4 e6 3. g3 Bb4+ 4. Bd2 Qe7 5. Nc3 d5 6. a3 Bxc3 7. Bxc3 dxc4 8.
Bg2 Nd5 9. Qa4+ Bd7 10. Qxc4 Bc6 11. e4 Nxc3 12. Qxc3 Nd7 13. Ne2 Nf6 14. Qc2
O-O 15. O-O e5 16. d5 Bb5 17. Rfe1 Rfd8 18. Rac1 c6 19. Nc3 Bc4 20. b3 Ba6 21.
b4 Bc4 22. dxc6 bxc6 23. Na4 Be6 24. Qc5 Qxc5 25. Nxc5 Rac8 26. Nxe6 fxe6 27.
Rc5 Nd7 28. Ra5 Rc7 29. Rc1 Rb8 30. Bf1 Kf7 31. f3 Ke7 32. Kf2 Kd6 33. Rd1+ Ke7
34. Rc1 Kd6 35. f4 c5 36. bxc5+ Ke7 37. c6 Rb2+ 38. Kg1 exf4 39. gxf4 Nf6 40.
Bg2 Rb6 41. f5 exf5 42. exf5 Rb3 43. a4 h5 44. Re5+ Kd8 45. Rd1+ Kc8 46. Bd5
1-0

[Event "4NCL Division 1 & 2"]
[Site "Daventry, ENG"]
[Date "2022.06.25"]
[Round "10.46"]
[White "Horton, Jamie A"]
[Black "Makkar, Rajat"]
[Result "1/2-1/2"]
[WhiteElo "2258"]
[BlackElo "2317"]
[PlyCount "95"]
[EventDate "2022.06.25"]
[WhiteTeam "Wood Green Youth"]
[BlackTeam "The Sharks 1"]

1. d4 d5 2. c4 c6 3. Nf3 Nf6 4. Qc2 dxc4 5. Qxc4 Bf5 6. g3 e6 7. Bg2 Be7 8. O-O
O-O 9. Rd1 Nbd7 10. e3 Rc8 11. Qe2 Bg6 12. Nc3 b5 13. Ne5 Nxe5 14. dxe5 Nd7 15.
h4 h6 16. f4 Qc7 17. Ne4 Nc5 18. Nd6 Rcd8 19. b3 Bxd6 20. exd6 Rxd6 21. Ba3
Rxd1+ 22. Rxd1 Qb6 23. Qd2 Rc8 24. Qd4 Nb7 25. Bb2 f6 26. Qxb6 axb6 27. b4 Rc7
28. Bd4 c5 29. Rc1 e5 30. fxe5 fxe5 31. Bxe5 Re7 32. Bb2 Be4 33. bxc5 bxc5 34.
Bf1 Bc6 35. Kf2 Nd6 36. Bd3 Rf7+ 37. Ke2 c4 38. Bg6 Ra7 39. a3 b4 40. axb4 Ra2
41. Rc2 Ne4 42. Kd1 Ba4 43. Bxe4 Rxb2 44. Kc1 Rxb4 45. Bd5+ Kf8 46. Rxc4 Rxc4+
47. Bxc4 Ke7 48. Bd5 1/2-1/2

[Event "4NCL Division 1 & 2"]
[Site "Daventry, ENG"]
[Date "2022.06.25"]
[Round "10.47"]
[White "Holland, James P"]
[Black "Ashworth, Michael"]
[Result "1-0"]
[WhiteElo "2393"]
[BlackElo "2210"]
[PlyCount "81"]
[EventDate "2022.06.25"]
[WhiteTeam "The Sharks 1"]
[BlackTeam "Wood Green Youth"]

1. e4 c5 2. Nc3 g6 3. d4 cxd4 4. Qxd4 Nf6 5. Be3 Nc6 6. Qd2 Ng4 7. Bf4 d6 8. h3
Nf6 9. Nf3 Qa5 10. Bd3 Bg7 11. O-O O-O 12. Rfe1 Nd7 13. Bh6 Nde5 14. Nxe5 Nxe5
15. Bxg7 Kxg7 16. f4 Nc6 17. Kh2 Be6 18. Rad1 Rac8 19. a3 a6 20. Bf1 Rfd8 21.
g4 Qc5 22. Nd5 b5 23. g5 Rh8 24. Re3 h6 25. Rg3 hxg5 26. Rxg5 Qa7 27. Rg3 Rh5
28. Bg2 Bd7 29. b4 Rch8 30. c3 Kf8 31. Rf1 Be6 32. Ne3 Qc7 33. Qd3 Ke8 34. a4
Qc8 35. axb5 axb5 36. f5 Ne5 37. Qxb5+ Bd7 38. Qb6 Qxc3 39. Nd5 Ng4+ 40. Kg1
Qxg3 41. Qb8+ 1-0

[Event "4NCL Division 1 & 2"]
[Site "Daventry, ENG"]
[Date "2022.06.25"]
[Round "10.48"]
[White "Sygnowski, Tomasz"]
[Black "Murphy, Hugh W"]
[Result "0-1"]
[WhiteElo "2131"]
[BlackElo "2177"]
[PlyCount "76"]
[EventDate "2022.06.25"]
[WhiteTeam "Wood Green Youth"]
[BlackTeam "The Sharks 1"]

1. e4 c6 2. d4 d5 3. exd5 cxd5 4. Bd3 Nf6 5. Nf3 Nc6 6. c3 Bg4 7. O-O e6 8. Bg5
Bd6 9. Nbd2 Qc7 10. Qa4 Nd7 11. Rfe1 Bh5 12. Rac1 O-O 13. Qc2 Bg6 14. Bxg6 hxg6
15. Qd3 Nf6 16. b4 Bf4 17. b5 Na5 18. g3 Bxd2 19. Nxd2 Rac8 20. Qf3 Nh7 21. Qg4
Nc4 22. Nf3 Qd7 23. h4 Rfe8 24. h5 gxh5 25. Qxh5 f6 26. Bf4 Qf7 27. Qh3 g5 28.
Be3 Qg6 29. g4 Nf8 30. Nd2 Re7 31. Nxc4 Rxc4 32. Bd2 Rh7 33. Qg3 b6 34. Re2 Rh4
35. Qg2 Rc7 36. c4 Rch7 37. cxd5 Qh6 38. Qg3 Rxg4 0-1

[Event "4NCL Division 1 & 2"]
[Site "Daventry, ENG"]
[Date "2022.06.25"]
[Round "10.51"]
[White "Clarke, Brandon G I"]
[Black "Jones, Gawain C B"]
[Result "1/2-1/2"]
[WhiteElo "2470"]
[BlackElo "2665"]
[PlyCount "72"]
[EventDate "2022.06.25"]
[WhiteTeam "Guildford Young Guns"]
[BlackTeam "Chessable White Rose 1"]

1. e4 e5 2. Nf3 Nc6 3. Nc3 Nf6 4. d4 exd4 5. Nxd4 Bb4 6. Nxc6 bxc6 7. Bd3 d5 8.
exd5 O-O 9. O-O cxd5 10. Bg5 Be6 11. Qf3 Rb8 12. Ne2 Bg4 13. Bxf6 Bxf3 14. Bxd8
Bxe2 15. Bxe2 Rfxd8 16. Rad1 c5 17. Bf3 d4 18. Be2 Ba5 19. b3 Re8 20. Bd3 h5
21. g3 g6 22. Kg2 Kg7 23. h4 Rb6 24. f4 Rbe6 25. Bb5 Rb8 26. Bc4 Re3 27. Rf3
Rbe8 28. Rxe3 dxe3 29. Kf3 Bd2 30. Ke2 f5 31. a3 Rd8 32. Bd3 Rd4 33. Bc4 Kf6
34. Bd3 Ke7 35. Rf1 Rd6 36. Rh1 Kf6 1/2-1/2

[Event "4NCL Division 1 & 2"]
[Site "Daventry, ENG"]
[Date "2022.06.25"]
[Round "10.52"]
[White "Alsina Leal, Daniel"]
[Black "Suarez Real, Alberto"]
[Result "1-0"]
[WhiteElo "2514"]
[BlackElo "2431"]
[PlyCount "75"]
[EventDate "2022.06.25"]
[WhiteTeam "Chessable White Rose 1"]
[BlackTeam "Guildford Young Guns"]

1. e4 c5 2. Nf3 Nc6 3. Bb5 g6 4. O-O Bg7 5. c3 Nf6 6. Re1 O-O 7. d4 d5 8. e5
Ne4 9. Bxc6 bxc6 10. Be3 Rb8 11. Qc1 Qb6 12. b3 cxd4 13. cxd4 f6 14. Nc3 Nxc3
15. Qxc3 Bg4 16. exf6 exf6 17. Bf4 Rbc8 18. Bd6 Rfe8 19. a4 a6 20. Nd2 Qb7 21.
h3 Bf5 22. b4 Qd7 23. Bg3 Rxe1+ 24. Rxe1 Re8 25. Nb3 Bf8 26. Nc5 Rxe1+ 27. Qxe1
Qc8 28. Qe2 Kf7 29. Nxa6 Qb7 30. b5 cxb5 31. axb5 Bd7 32. Nc7 h5 33. h4 Bb4 34.
Qa2 Bxb5 35. Nxd5 Be7 36. Nxf6+ Kxf6 37. Be5+ Kf5 38. Qf7+ 1-0

[Event "4NCL Division 1 & 2"]
[Site "Daventry, ENG"]
[Date "2022.06.25"]
[Round "10.53"]
[White "Davies, Nigel R"]
[Black "Camacho Collados, Jose"]
[Result "1/2-1/2"]
[WhiteElo "2448"]
[BlackElo "2411"]
[PlyCount "107"]
[EventDate "2022.06.25"]
[WhiteTeam "Guildford Young Guns"]
[BlackTeam "Chessable White Rose 1"]

1. Nf3 b6 2. g3 Bb7 3. Bg2 e6 4. O-O d5 5. c4 dxc4 6. Qa4+ Nd7 7. Qxc4 a6 8. d4
b5 9. Qd3 c5 10. dxc5 Bxc5 11. Be3 Ngf6 12. Rc1 Bxe3 13. Qxe3 Rc8 14. Nbd2 O-O
15. Nb3 Qb6 16. Qxb6 Nxb6 17. Nc5 Rc7 18. Nxb7 Rxb7 19. Ne5 Nfd5 20. Rc6 Rc8
21. Rac1 Rxc6 22. Rxc6 Kf8 23. Rxb6 Rxb6 24. Bxd5 Rd6 25. Bb7 Rd2 26. Nd3 a5
27. Kf1 Rd1+ 28. Kg2 b4 29. Ba6 Rd2 30. Kf3 a4 31. Ke3 Rc2 32. Bb5 a3 33. Ba4
Rc7 34. f4 Ke7 35. Kd2 Kd6 36. Bb3 h6 37. bxa3 bxa3 38. Ne5 Kc5 39. h4 Kd4 40.
Nf3+ Kc5 41. Ne1 Rd7+ 42. Kc3 Ra7 43. Nc2 Ra8 44. Ne3 g5 45. hxg5 hxg5 46. Nc4
Rh8 47. Nxa3 Rh3 48. fxg5 Rxg3+ 49. Kd2 Rxg5 50. Nc2 Rg3 51. e3 Rg2+ 52. Kd3
Rf2 53. Nd4 e5 54. Nc2 1/2-1/2

[Event "4NCL Division 1 & 2"]
[Site "Daventry, ENG"]
[Date "2022.06.25"]
[Round "10.54"]
[White "Wells, Peter K"]
[Black "Golding, Alex"]
[Result "1/2-1/2"]
[WhiteElo "2373"]
[BlackElo "2309"]
[PlyCount "81"]
[EventDate "2022.06.25"]
[WhiteTeam "Chessable White Rose 1"]
[BlackTeam "Guildford Young Guns"]

1. Nf3 Nf6 2. c4 e6 3. g3 d5 4. Bg2 Be7 5. O-O O-O 6. d4 b6 7. cxd5 exd5 8. Nc3
Bb7 9. Ne5 a6 10. Bg5 Ne4 11. Bxe7 Qxe7 12. Rc1 Nf6 13. Qb3 Qd6 14. e3 Nbd7 15.
f4 Rae8 16. g4 Rd8 17. g5 Ne8 18. Bxd5 Bxd5 19. Qxd5 Nxe5 20. Qxe5 Qd7 21. f5
Kh8 22. Ne4 Nd6 23. Nxd6 cxd6 24. Qf4 Rc8 25. b3 d5 26. h4 Rfe8 27. Kg2 f6 28.
gxf6 gxf6 29. Kh2 Rg8 30. Rxc8 Qxc8 31. Rg1 Qc2+ 32. Kh1 Rxg1+ 33. Kxg1 Qd1+
34. Kg2 Qe2+ 35. Kg3 Qe1+ 36. Qf2 Qb1 37. h5 Qh1 38. Qf3 Qg1+ 39. Kh3 h6 40. a4
a5 41. Qg3 1/2-1/2

[Event "4NCL Division 1 & 2"]
[Site "Daventry, ENG"]
[Date "2022.06.25"]
[Round "10.55"]
[White "Martin, Andrew D"]
[Black "Adair, James R"]
[Result "1/2-1/2"]
[WhiteElo "2357"]
[BlackElo "2454"]
[PlyCount "53"]
[EventDate "2022.06.25"]
[WhiteTeam "Guildford Young Guns"]
[BlackTeam "Chessable White Rose 1"]

1. Nf3 d5 2. c4 d4 3. g3 Nc6 4. Bg2 e5 5. d3 Bb4+ 6. Nfd2 a5 7. Na3 Nf6 8. Nc2
Bd6 9. a3 O-O 10. Rb1 Qe7 11. O-O Bg4 12. Ne4 Nxe4 13. Bxe4 a4 14. b4 axb3 15.
Rxb3 Nd8 16. f4 Ne6 17. f5 Nc5 18. Rxb7 Nxb7 19. Bxb7 Rab8 20. Bg2 Qd7 21. f6
g6 22. Nb4 Bh3 23. Qd2 Rfe8 24. Qh6 Bf8 25. Qxh3 Qxh3 26. Bxh3 Bxb4 27. axb4
1/2-1/2

[Event "4NCL Division 1 & 2"]
[Site "Daventry, ENG"]
[Date "2022.06.25"]
[Round "10.56"]
[White "Chow, Samuel"]
[Black "Price, Gwilym"]
[Result "1/2-1/2"]
[WhiteElo "2407"]
[BlackElo "2227"]
[PlyCount "51"]
[EventDate "2022.06.25"]
[WhiteTeam "Chessable White Rose 1"]
[BlackTeam "Guildford Young Guns"]

1. d4 Nf6 2. c4 g6 3. Nc3 Bg7 4. e4 d6 5. Nf3 O-O 6. Be2 e5 7. Be3 c6 8. d5 Ng4
9. Bc1 f5 10. O-O c5 11. Ne1 Nf6 12. f3 f4 13. g4 g5 14. Nd3 Na6 15. a3 h5 16.
h3 Kf7 17. Kg2 Rh8 18. b4 b6 19. Bd2 Bd7 20. b5 Nc7 21. a4 Bc8 22. a5 Bb7 23.
Qb3 Nd7 24. Ra2 h4 25. Rfa1 Qe7 26. a6 1/2-1/2

[Event "4NCL Division 1 & 2"]
[Site "Daventry, ENG"]
[Date "2022.06.25"]
[Round "10.57"]
[White "Kalaiyalahan, Akshaya"]
[Black "Han, Yichen"]
[Result "1/2-1/2"]
[WhiteElo "2212"]
[BlackElo "2279"]
[PlyCount "107"]
[EventDate "2022.06.25"]
[WhiteTeam "Guildford Young Guns"]
[BlackTeam "Chessable White Rose 1"]

1. Nf3 d5 2. g3 Bg4 3. Ne5 Bf5 4. Bg2 Nd7 5. Nxd7 Qxd7 6. c4 e6 7. O-O Be7 8.
d3 Nf6 9. Qc2 Bg6 10. e4 dxe4 11. dxe4 Qc6 12. f3 O-O-O 13. Be3 Bc5 14. Qf2 Nd7
15. Nc3 Bxe3 16. Qxe3 Qc5 17. Qxc5 Nxc5 18. Rad1 c6 19. Rxd8+ Rxd8 20. Rd1
Rxd1+ 21. Nxd1 f6 22. Kf2 e5 23. Ke3 Bf7 24. b3 a6 25. Kd2 Kc7 26. Ne3 Ne6 27.
Nf5 Bg6 28. Ne3 b5 29. cxb5 axb5 30. b4 Kd6 31. Nc2 f5 32. exf5 Bxf5 33. Ne3
Bg6 34. Kc3 c5 35. bxc5+ Kxc5 36. a3 Nd4 37. Ng4 Nc2 38. Nxe5 Nxa3 39. Nxg6
hxg6 40. f4 b4+ 41. Kb2 Nc4+ 42. Kb3 Nd6 43. Bf1 Ne4 44. Bd3 Nd2+ 45. Kc2 Nf3
46. Bxg6 Nxh2 47. Kd3 Ng4 48. Bf5 Nf6 49. Bg6 Nd5 50. Kc2 Nc7 51. Bf7 Nb5 52.
Kd3 Nd4 53. g4 b3 54. Ke4 1/2-1/2

[Event "4NCL Division 1 & 2"]
[Site "Daventry, ENG"]
[Date "2022.06.25"]
[Round "10.58"]
[White "Ashton, Adam G"]
[Black "Golding, James"]
[Result "1-0"]
[WhiteElo "2350"]
[BlackElo "2097"]
[PlyCount "61"]
[EventDate "2022.06.25"]
[WhiteTeam "Chessable White Rose 1"]
[BlackTeam "Guildford Young Guns"]

1. e4 e5 2. Nf3 Nc6 3. Bb5 a6 4. Ba4 Nf6 5. O-O b5 6. Bb3 Bc5 7. a4 Rb8 8. Nxe5
Nxe5 9. d4 Bxd4 10. Qxd4 d6 11. f4 Nc6 12. Qc3 Bb7 13. axb5 axb5 14. e5 Ne4 15.
Qe3 Ne7 16. f5 dxe5 17. Nc3 Nxc3 18. bxc3 Qd6 19. Ba3 Qb6 20. Qxb6 cxb6 21. Bd6
Rd8 22. Bxe5 O-O 23. Bd4 Nd5 24. Ra7 Bc6 25. Rf3 Ra8 26. Rg3 g6 27. fxg6 hxg6
28. Rh3 f6 29. Rc7 Ra1+ 30. Kf2 Ba8 31. Rd7 1-0

[Event "4NCL Division 1 & 2"]
[Site "Daventry, ENG"]
[Date "2022.06.25"]
[Round "10.61"]
[White "Merry, Alan B"]
[Black "Delaney, Killian"]
[Result "1-0"]
[WhiteElo "2427"]
[BlackElo "2308"]
[PlyCount "43"]
[EventDate "2022.06.25"]
[WhiteTeam "Barbican 4NCL"]
[BlackTeam "Gonzaga"]

1. d4 d5 2. c4 Nc6 3. Nf3 Bg4 4. e3 e5 5. Qb3 Bxf3 6. gxf3 dxc4 7. Bxc4 Qd7 8.
dxe5 Na5 9. Qb5 Nxc4 10. Qxc4 Ne7 11. Bd2 Nc6 12. Bc3 Rd8 13. Nd2 Qf5 14. Rg1
g6 15. e6 f6 16. Rg4 Be7 17. Rf4 Qg5 18. Ke2 O-O 19. Ne4 Qd5 20. Qxd5 Rxd5 21.
Bxf6 Rb5 22. Rd1 1-0

[Event "4NCL Division 1 & 2"]
[Site "Daventry, ENG"]
[Date "2022.06.25"]
[Round "10.62"]
[White "Kanyamarala, Tarun"]
[Black "Franklin, Samuel G A"]
[Result "1-0"]
[WhiteElo "2388"]
[BlackElo "2321"]
[PlyCount "69"]
[EventDate "2022.06.25"]
[WhiteTeam "Gonzaga"]
[BlackTeam "Barbican 4NCL"]

1. d4 Nf6 2. c4 g6 3. h4 Bg7 4. Nc3 d6 5. e4 Nc6 6. d5 Ne5 7. Be2 O-O 8. h5 c6
9. Rh4 cxd5 10. cxd5 e6 11. h6 Bh8 12. Bg5 Qb6 13. Qd2 exd5 14. Rf4 d4 15. Na4
Qd8 16. Qxd4 Nd3+ 17. Qxd3 Qa5+ 18. Nc3 Qxg5 19. Qxd6 Be6 20. Nf3 Qxg2 21.
O-O-O Rac8 22. Kb1 Rfe8 23. Rxf6 Qxf2 24. Rf1 Qe3 25. Qd2 Rxc3 26. Rxe6 fxe6
27. bxc3 Qxe4+ 28. Bd3 Qc6 29. Ng5 Bxc3 30. Qf2 Qc7 31. Qf7+ Qxf7 32. Rxf7 b5
33. Rxa7 Rd8 34. Bxg6 Bd4 35. Rxh7 1-0

[Event "4NCL Division 1 & 2"]
[Site "Daventry, ENG"]
[Date "2022.06.25"]
[Round "10.63"]
[White "Cox, John J"]
[Black "Sarakauskas, Gediminas"]
[Result "1/2-1/2"]
[WhiteElo "2313"]
[BlackElo "2400"]
[PlyCount "137"]
[EventDate "2022.06.25"]
[WhiteTeam "Barbican 4NCL"]
[BlackTeam "Gonzaga"]

1. d4 d5 2. c4 dxc4 3. e3 Nf6 4. Bxc4 e6 5. Nf3 c5 6. O-O a6 7. dxc5 Bxc5 8.
Qxd8+ Kxd8 9. Be2 Ke7 10. Ne5 Nbd7 11. Nd3 Bd6 12. Nd2 b5 13. Nb3 Bb7 14. Na5
Bd5 15. Bd2 Rac8 16. Rfc1 Ne4 17. Bb4 Nec5 18. Nxc5 Bxc5 19. Rxc5 Rxc5 20. Nb3
Bxb3 21. axb3 Rhc8 22. Rxa6 Kf6 23. Bxc5 Nxc5 24. Ra7 Nxb3 25. g4 Rb8 26. Kg2
Nd2 27. Rc7 g5 28. b4 Ne4 29. Bd3 Nd6 30. Bxh7 Ra8 31. Rc6 Ke7 32. Rc7+ Kf6 33.
Rc6 Ke7 34. Bc2 Ra2 35. Rc7+ Kf6 36. Bd3 Rd2 37. Rc3 Rb2 38. Rc6 Ke7 39. Rc7+
Kf6 40. Rd7 Nc4 41. Bxc4 bxc4 42. Rb7 c3 43. Kf3 c2 44. Rc7 Rxb4 45. Rxc2 Rb3
46. Ke2 Kg6 47. Rc6 Rb1 48. Kf3 Rg1 49. Rb6 Kf6 50. Rb8 Kg7 51. Re8 Kh7 52. Ra8
Kg7 53. Ra6 Kg6 54. Rb6 Kg7 55. e4 e5 56. Rb5 f6 57. Rb7+ Kg6 58. Rb3 Kg7 59.
h3 Kg6 60. Ke2 Rh1 61. Rg3 Ra1 62. Kf3 Ra4 63. Rg1 Ra8 64. Kg3 Rh8 65. Ra1 Rh7
66. Ra8 Rh4 67. Kg2 Rh7 68. Ra3 Rh8 69. Kf1 1/2-1/2

[Event "4NCL Division 1 & 2"]
[Site "Daventry, ENG"]
[Date "2022.06.25"]
[Round "10.64"]
[White "Li, Henry"]
[Black "Rogers, Jonathan W"]
[Result "1-0"]
[WhiteElo "2315"]
[BlackElo "2333"]
[PlyCount "123"]
[EventDate "2022.06.25"]
[WhiteTeam "Gonzaga"]
[BlackTeam "Barbican 4NCL"]

1. e4 e5 2. Nf3 d5 3. exd5 Bd6 4. d4 e4 5. Ne5 Nf6 6. Bb5+ c6 7. dxc6 bxc6 8.
Ba4 Qa5+ 9. Nc3 Bxe5 10. dxe5 Qxe5 11. Be3 O-O 12. Qd4 Qh5 13. Nxe4 Nxe4 14.
Qxe4 Be6 15. O-O Bd5 16. Qf4 Nd7 17. c4 Be6 18. Bxc6 Rac8 19. Bxd7 Bxd7 20.
Bxa7 Rc6 21. Rfd1 Rf6 22. Qc7 Bc6 23. Rd8 Re6 24. Rxf8+ Kxf8 25. Qc8+ Ke7 26.
Bb6 Kf6 27. Bd4+ Kf5 28. Qc7 Qg4 29. g3 Qxd4 30. Qxf7+ Rf6 31. Qxg7 Qe4 32.
Qxh7+ Rg6 33. Qf7+ Ke5 34. Qe7+ Re6 35. Qg5+ Kd6 36. Rd1+ Kc7 37. Qf4+ Qxf4 38.
gxf4 Bf3 39. Rc1 Re2 40. b4 Rxa2 41. h4 Rd2 42. Rc3 Be4 43. h5 Rd1+ 44. Kh2
Rh1+ 45. Kg3 Rxh5 46. Re3 Bc2 47. Re5 Rh7 48. f5 Kd6 49. Rd5+ Ke7 50. b5 Kf6
51. Kg4 Bb3 52. Rd6+ Ke5 53. c5 Bd5 54. f6 Kd4 55. c6 Kc5 56. Rxd5+ Kxd5 57.
Kf5 Kc5 58. Kg6 Rh4 59. c7 Rh8 60. f7 Rc8 61. Kg7 Rxc7 62. Kg8 1-0

[Event "4NCL Division 1 & 2"]
[Site "Daventry, ENG"]
[Date "2022.06.25"]
[Round "10.65"]
[White "Martyn, Rafe"]
[Black "Wall, Gavin"]
[Result "1/2-1/2"]
[WhiteElo "2210"]
[BlackElo "2310"]
[PlyCount "36"]
[EventDate "2022.06.25"]
[WhiteTeam "Barbican 4NCL"]
[BlackTeam "Gonzaga"]

1. d4 f5 2. Bg5 g6 3. Nc3 Nh6 4. h4 Nf7 5. Nf3 Bg7 6. Qd2 d5 7. Bf4 a6 8. Ne5
Nxe5 9. Bxe5 Bxe5 10. dxe5 d4 11. O-O-O c5 12. e3 Nc6 13. exd4 cxd4 14. Ne2 Qd5
15. b3 Qxe5 16. f4 Qf6 17. Nxd4 Bd7 18. Qe3 O-O-O 1/2-1/2

[Event "4NCL Division 1 & 2"]
[Site "Daventry, ENG"]
[Date "2022.06.25"]
[Round "10.66"]
[White "McPhillips, Karl"]
[Black "Sowray, Peter J"]
[Result "0-1"]
[WhiteElo "2223"]
[BlackElo "2253"]
[PlyCount "76"]
[EventDate "2022.06.25"]
[WhiteTeam "Gonzaga"]
[BlackTeam "Barbican 4NCL"]

1. d4 d5 2. c4 c6 3. Nf3 Nf6 4. e3 e6 5. Nbd2 Be7 6. Bd3 O-O 7. O-O Nbd7 8. b3
dxc4 9. bxc4 c5 10. Bb2 b6 11. e4 cxd4 12. e5 Ng4 13. Be4 Rb8 14. Nxd4 Ndxe5
15. Qe2 f5 16. f4 Bc5 17. N2b3 Ng6 18. Nxc5 bxc5 19. Nc6 Qh4 20. g3 Qxh2+ 21.
Qxh2 Nxh2 22. Nxb8 Nxf1 23. Rxf1 fxe4 24. Nc6 Ba6 25. Re1 Bxc4 26. Nxa7 Bxa2
27. Rxe4 Bd5 28. Ra4 Rb8 29. Ba3 c4 30. Bb4 Kf7 31. Kf2 h5 32. Ke3 Ne7 33. Kd4
Nf5+ 34. Ke5 Nxg3 35. Kd6 Nf5+ 36. Kd7 h4 37. Bc3 h3 38. Ra2 h2 0-1

[Event "4NCL Division 1 & 2"]
[Site "Daventry, ENG"]
[Date "2022.06.25"]
[Round "10.67"]
[White "Bhatia, Kanwal K"]
[Black "Freeman, Gordon"]
[Result "0-1"]
[WhiteElo "1968"]
[BlackElo "2090"]
[PlyCount "46"]
[EventDate "2022.06.25"]
[WhiteTeam "Barbican 4NCL"]
[BlackTeam "Gonzaga"]

1. e4 d5 2. exd5 Qxd5 3. d4 Nc6 4. Nf3 e5 5. dxe5 Qxd1+ 6. Kxd1 Bg4 7. Bf4
O-O-O+ 8. Nbd2 Bxf3+ 9. gxf3 Nge7 10. Bh3+ Kb8 11. Re1 Ng6 12. Bg3 h5 13. Bf5
h4 14. Bxg6 hxg3 15. Be4 Rxh2 16. Bxc6 Rxf2 17. Be4 Rdxd2+ 18. Kc1 g2 19. b4
Bxb4 20. Kb2 Bc5 21. Rad1 Rxd1 22. Rxd1 a6 23. f4 Rd2 0-1

[Event "4NCL Division 1 & 2"]
[Site "Daventry, ENG"]
[Date "2022.06.25"]
[Round "10.68"]
[White "Murray, David"]
[Black "Ratnesan, Radha"]
[Result "1-0"]
[WhiteElo "2123"]
[BlackElo "1712"]
[PlyCount "89"]
[EventDate "2022.06.25"]
[WhiteTeam "Gonzaga"]
[BlackTeam "Barbican 4NCL"]

1. c4 Nf6 2. Nc3 e6 3. g3 d5 4. Bg2 Be7 5. d4 O-O 6. Nf3 b6 7. cxd5 exd5 8. O-O
Bb7 9. Qb3 Nc6 10. Rd1 Na5 11. Qc2 Nc4 12. Ne5 Nd6 13. Bf4 Nde4 14. Nxe4 Nxe4
15. Nc6 Qd7 16. Nxe7+ Qxe7 17. Qxc7 Qxc7 18. Bxc7 Rac8 19. Rac1 Ba6 20. Re1 f5
21. f3 Ng5 22. Kf2 Bc4 23. Bf4 Ne6 24. Be5 Rfe8 25. Rc3 Bb5 26. Ke3 Rxc3+ 27.
bxc3 Bc4 28. Kd2 Ng5 29. a4 Nf7 30. f4 Nxe5 31. dxe5 Kf7 32. Ra1 a5 33. Rb1 Re6
34. Ke3 Rc6 35. Kd4 Ke6 36. Rb2 h6 37. Bf3 g5 38. Bg2 Kd7 39. Bxd5 Bxd5 40.
Kxd5 Rc5+ 41. Kd4 Kc6 42. c4 g4 43. Rb5 h5 44. e4 fxe4 45. Rxc5+ 1-0

[Event "4NCL Division 1 & 2"]
[Site "Daventry, ENG"]
[Date "2022.06.25"]
[Round "10.71"]
[White "Urkedal, Frode Olav Olsen"]
[Black "Gourlay, Iain"]
[Result "1-0"]
[WhiteElo "2543"]
[BlackElo "2320"]
[PlyCount "51"]
[EventDate "2022.06.25"]
[WhiteTeam "Celtic Tigers 1"]
[BlackTeam "Alba"]

1. d4 d5 2. c4 e6 3. Nc3 Nf6 4. cxd5 exd5 5. Bg5 c6 6. e3 h6 7. Bh4 Be7 8. Bd3
O-O 9. Nf3 Ne4 10. Bxe7 Qxe7 11. Qc2 Re8 12. Bxe4 dxe4 13. Nd2 Bf5 14. O-O Nd7
15. Rac1 Nf6 16. Ne2 Bg4 17. Ng3 h5 18. h3 h4 19. Ngxe4 Nxe4 20. hxg4 Nxd2 21.
Qxd2 Qe6 22. Qe2 Rad8 23. Rfd1 Rd5 24. b4 Rg5 25. Rc5 Rxg4 26. Re5 1-0